| 000 | 00559nam a2200205Ia 4500 | ||
|---|---|---|---|
| 005 | 20250508165127.0 | ||
| 008 | 008 250505s9999 xx 000 0 eng d | ||
| 020 | _a978-81-89524-29-6 | ||
| 037 | _aTextual | ||
| 040 |
_aFEDL _beng _cFEDL |
||
| 041 |
_aeng _2eng |
||
| 084 |
_a306.3, HAR _qFEDL |
||
| 100 | _aHarriss-White Barbara | ||
| 245 | 0 | _aIndia's socially regulated economy | |
| 260 |
_aNew Delhi, India _bCritical Quest _c2007 |
||
| 300 | _a32p. | ||
| 365 |
_aINR _b25 |
||
| 942 |
_cTEXL _h306.3, HAR |
||
| 999 |
_c1393300 _d1393300 |
||